Multiple Choice City Quiz - Fort Collins - Statistics

General Stats
  • This quiz has been taken 39 times
  • The average score is 6 of 10
Answer Stats
Question Answer % Correct
Fort Collins is the county seat of which county? Larimer
76%
Colorado State University's mascot is which animal native to the region? Rams
76%
Fort Collins is known regionally as a hub for what industry? Brewing
72%
What major reservoir named after an adjacent rock formation serves as a major recreational area for Fort Collins? Horsetooth
72%
Which of these images shows the tallest building in Fort Collins?
66%
What river flows through Fort Collins and forms the canyon directly to its west? Poudre
62%
What is the highest mountain visible from Fort Collins? Longs Peak
45%
Fort Collins was originally known as Camp Collins. What was the purpose of this camp? An army outpost in the Indian Wars
38%
Which of these cities is NOT located in the Fort Collins metro area? Longmont
38%
What amusement park’s “Main Street” modeled after downtown Fort Collins? Disneyland
31%
No matching quizzes found
Score Distribution
Percent of People with Each Score
Percentile by Number Answered
Your Score History
You have not taken this quiz